000 00741nam a2200373Ia 4500
001 10692
003 21491
005 20240715093915.0
008 ||||||n9999 ||| || ||
100 _aChurchman, West
_915458
245 0 _aIntroduction to operations research
562 _e1
942 _cBKM
999 _c10692
_d10692
526 _a102617
526 _a102618
526 _a15794
526 _a102619
526 _a102620
526 _a10406
526 _a105630
526 _a1698
526 _a116204
526 _a4969
526 _a19790
526 _a104436
526 _a5144
526 _a51868
526 _a3899
526 _a9683
526 _a
526 _a1703
526 _a1697
526 _a17598